00703nam a22001937a 450000500170000001000150001702000270003203500140005903700130007308200130008610000240009924500740012326000260019727000850022330000270030894200270033599900190036295201280038120180409103049.0 aENG-122504 a9789380574868c2495.00 aEN-106036 bDBAD/PUB a332.0954 aGianchandani, Heena aMicrofinance :cby Heena Gianchandaniba platform for social change / aDelhibBookwellc2015 a3/79, Nirankari Colony, bDelhie110009k91-11-27601283mbkwell@nde.vsnl.net.in, a642p.bill. c24cm(Hb) 2ddccENmGIAh332.0954 c150838d150838 001040718NFICaDBADbBL1d2018-04-06eDBAD/PUBg2495.00l0o332.0954 GIApEN-106036r2018-04-06 00:00:00t1v2495.00yEN